Camôes / (Record no. 154255)

MARC details
000 -LEADER
campo de control de longitud fija 00733nam a2200205 i 4500
001 - NÚMERO DE CONTROL
campo de control 154255
003 - IDENTIFICADOR DE NÚMERO DE CONTROL
campo de control ES-MaACL
005 - FECHA Y HORA DE LA ÚLTIMA TRANSACCIÓN
campo de control 20260315185733.0
008 - DATOS DE LONGITUD FIJA--INFORMACIÓN GENERAL
campo de control de longitud fija 931025s1863 po |||| | por d
100 1# - ENTRADA PRINCIPAL--NOMBRE DE PERSONA
Nombre de persona Garrett, Almeida.
9 (RLIN) 55660
245 10 - MENCIÓN DEL TÍTULO
Título Camôes /
Mención de responsabilidad, etc. pelo visconde de Almeida-Garrett.
250 ## - MENCION DE EDICION
Mención de edición 6ª ed.
260 ## - PUBLICACIÓN, DISTRIBUCIÓN, ETC.
Lugar de publicación, distribución, etc. Lisboa :
Nombre del editor, distribuidor, etc. em casa da viuva Bertrand e Filhos,
Fecha de publicación, distribución, etc. 1863 (
Fabricante Imprensa Nacional)
300 ## - DESCRIPCIÓN FÍSICA
Extensión 271 p. ;
Dimensiones 17 cm.
490 1# - MENCIÓN DE SERIE
Mención de serie Obras do Visconde de Almeida-Garrett ;
Designación de volumen o secuencia 1
600 14 - PUNTO DE ACCESO ADICIONAL DE MATERIA--NOMBRE DE PERSONA
Nombre de persona Camões, Luís de,
Fechas asociadas al nombre 1524?-1580
9 (RLIN) 181622
830 0# - PUNTO DE ACCESO ADICIONAL DE SERIE-TÍTULO UNIFORME
Título uniforme Obras do Visconde de Almeida-Garrett
Designación de volumen o secuencia 1
9 (RLIN) 187864
852 ## - LOCALIZACIÓN
Ubicación ES-MaACL
Número de control de estantería G-8612
Nota libre -- Enc. pasta española
Encuadernación -- Edic.: XXI, 271 p.
Holdings
Estatus retirado Estado de pérdida Estado de daño No para préstamo Colección Biblioteca de origen Biblioteca actual Ubicación en estantería Fecha de adquisición Fuente de adquisición Total de préstamos Signatura topográfica completa Código de barras Visto por última vez Precio de reemplazo Tipo de ítem Koha
        Libros del s. XIX Biblioteca del Ateneo de Madrid Biblioteca del Ateneo de Madrid Sala Pecera Planta 3 17/01/2008     G-8612 1161301 23/02/2023 23/02/2023 Libro impreso antiguo